20 Largest Japanese Cities Quiz Stats

Quiz Updated Nov 11, 2016

Also try: The Japan Quiz
Challenge
Share
Tweet
Embed
Score 0/20 Timer 04:00
3 Plays Today
Rank City % Correct
1.Tokyo
99.4%
3.Osaka
84.7%
11.Hiroshima
83%
8.Kyoto
82.3%
2.Yokohama
67.6%
5.Sapporo
65.1%
6.Kobe
60.3%
4.Nagoya
54.1%
7.Fukuoka
44.9%
12.Sendai
37.6%
Rank City % Correct
9.Kawasaki
35%
14.Chiba
33.8%
10.Saitama
26%
16.Niigata
23.7%
13.Kitakyushu
18.9%
15.Sakai
18.6%
20.Shizuoka
18.4%
18.Kumamoto
17.8%
17.Hamamatsu
15.9%
19.Sagamihara
11.6%

You're not logged in!

Compare scores with friends on all Sporcle quizzes.
Sign Up with Email
OR
Log In

You Might Also Like...

Show Comments

Extras

Top Quizzes Today


Score Distribution

Your Account Isn't Verified!

In order to create a playlist on Sporcle, you need to verify the email address you used during registration. Go to your Sporcle Settings to finish the process.